logo

Bir Sreshtho Munshi Abdur Rouf Library
Jhenaidah Cadet College

Financial management / (Record no. 6229)

MARC details
000 -LEADER
fixed length control field 00791cam a2200289 a 4500
001 - CONTROL NUMBER
JCCL Control Number 6229
003 - CONTROL NUMBER IDENTIFIER
JCCL marc code BD-JhCC
005 - DATE AND TIME OF LATEST TRANSACTION
control field 20180125173507.0
008 - FIXED-LENGTH DATA ELEMENTS--GENERAL INFORMATION
fixed length control field 980727s1999 txua b 001 0 eng
020 ## - INTERNATIONAL STANDARD BOOK NUMBER
International Standard Book Number 0030243998
035 ## - SYSTEM CONTROL NUMBER
system control number (BD-JhCC)6229
040 ## - CATALOGING SOURCE
Original cataloging agency DLC
Transcribing agency DLC
Modifying agency DLC
-- (BD-JhCC)
041 ## - LANGUAGE CODE
Language code of Book eng
050 00 - LIBRARY OF CONGRESS CALL NUMBER
Classification number HG4026
Item number .B669 1999
082 00 - DEWEY DECIMAL CLASSIFICATION NUMBER
Classification number 658.15
DDC Edition number 21
Author mark and Year KHA 1999
100 1# - MAIN ENTRY--PERSONAL NAME
Dates associated with a name Khan, M Y
245 10 - TITLE STATEMENT
Title Financial management /
Statement of responsibility, etc M Y Khan, P K Jain
250 ## - EDITION STATEMENT
Edition statement 9th ed.
260 ## - PUBLICATION, DISTRIBUTION, ETC. (IMPRINT)
Place of publication, distribution, etc Fort Worth :
Name of publisher, distributor, etc Dryden Press,
Date of publication, distribution, etc c1999.
300 ## - PHYSICAL DESCRIPTION
Pagination 771 p. :
Other physical details ill. ;
Dimensions 27 cm.
440 #4 -
Title The Dryden Press series in finance
504 ## - BIBLIOGRAPHY, ETC. NOTE
Bibliography, etc Includes bibliographical references and index.
650 #0 - SUBJECT ADDED ENTRY--TOPICAL TERM
Topical term or geographic name as entry element Corporations
General subdivision Finance.
700 1# - ADDED ENTRY--PERSONAL NAME
Personal name Jain, P K
942 ## - ADDED ENTRY ELEMENTS (KOHA)
Source of classification or shelving scheme Dewey Decimal Classification
Koha item type Books
Holdings
Source of classification or shelving scheme Damaged status Not for loan Home library Current library Shelving location Total Checkouts Full call number Barcode Date last seen Copy number Koha item type
Dewey Decimal Classification     JCC Rouf Library JCC Rouf Library General Stacks   658.15 KHA 1999 7907 01/17/2018 C - 1 Books

JCC Library | Contacts | JCC Home

Last Update on 23 September 2017
Copyright @ 2017-2020 JCC Rouf Library
Rouf Library, Jhenidah Cadet College (JCC), Bangladesh